| 000 | 00653nam a2200193 i 4500 | ||
|---|---|---|---|
| 001 | 35157 | ||
| 003 | ES-MaACL | ||
| 005 | 20250930063042.0 | ||
| 007 | t| | ||
| 008 | 030212s1952 ag ||||1| spa d | ||
| 100 | 1 |
_aBolívar, Simón, _d1783-1830 _929964 |
|
| 245 | 1 | 0 | _aCartas de Simón Bolívar al fundador de la libertad del Perú José de San Martín. |
| 260 |
_aBuenos Aires : _b[s.n.], _c1952. |
||
| 300 |
_a30 p. : _b1 retr. biog. ; _c17 cm. |
||
| 500 | _aPrecede al tít.: Instituto Nacional Sanmartiniano. | ||
| 710 | 2 |
_aInstituto Nacional Sanmartiniano. _95199 |
|
| 852 |
_aES-MaACL _j2030-F-6 _bR.34396 |
||
| 999 |
_c35157 _d35157 |
||